000 00646cam a22001932a 4500
001 010774
003 AR-FADEU
008 311216n1968####xxu####################dd
092 _aD345.71
_bD542i
100 _aDíaz, Clemente A.
245 _aInstituciones de derecho procesal
260 _aBuenos Aires
260 _bAbeledo Perrot
260 _c1968
300 _a2 v.
500 _aIncluye bibliografía, índice general e índice de autores. Contenido: T.1. Jurisdicción y competencia -- T.2. V.A. Teoría de la jurisdicción V.B. Teoría de la competencia
650 _aDERECHO PROCESAL; JURISDICCION; COMPETENCIA
942 _cBDGR
999 _c16557
_d16557